| 000 | 00517nam a22001457a 4500 | ||
|---|---|---|---|
| 082 | _a621.3 | ||
| 100 | _aAbbas, Shafqat | ||
| 245 |
_aDesign and Performance Analysis of SPWM and SVPWM Solar Powered Based Three Phase Voltage Source Inverter / _cShafqat Abbas. |
||
| 260 |
_aIslamabad: _bCEME - NUST, _c2016. |
||
| 300 |
_a45 p. : _bill. ; _c30cm. |
||
| 650 |
_aElectrical Engineering MS-Thesis. _916073 |
||
| 700 |
_aDr. Usman Ali _931516 |
||
| 942 |
_2ddc _cTHE |
||
| 999 |
_c536385 _d536385 |
||